000 00300nam a22001337a 4500
008 170920b xxu||||| |||| 00| 0 eng d
020 _a0870064045
041 _aeng
080 _a7
100 _a45
101 _aART
245 _aPAINTING AND DECORATING ENCYCLOPEDIA
_cGOODHEART
942 _2udc
_cBK
999 _c28416
_d28416